| 000 | 00818nam a2200241 i 4500 | ||
|---|---|---|---|
| 001 | 187988 | ||
| 003 | ES-MaACL | ||
| 005 | 20250903011206.0 | ||
| 007 | t| | ||
| 008 | 180406s1930 xxk ||||1| eng d | ||
| 100 | 0 |
_aMathews, G. B. _979032 |
|
| 245 | 1 | 0 |
_aAlgebraic equations / _cby G. B. Matthews ; revised by W. E. H. Berwick. |
| 260 |
_aLondon : _bCambridge University Press, 1930. |
||
| 300 |
_a69 p. ; _c22 cm. |
||
| 490 | 1 |
_aCambridge tracts in mathematics and mathematical physics ; _v6 |
|
| 650 | 0 | 7 |
_aMatemáticas _2embne _914814 |
| 650 | 4 |
_aEcuaciones. _9135950 |
|
| 650 |
_aTeorÃa de Galois. _9174865 |
||
| 700 | 0 |
_aBerwick, W. E. H. _928549 |
|
| 830 | 0 |
_aCambridge tracts in mathematics and mathematical physics ; _v6 _9192958 |
|
| 852 |
_aES-MaACL _jC-8150 |
||
| 999 |
_c187988 _d187988 |
||